000 00285nam a22001337a 4500
008 180313b xxu||||| |||| 00| 0 eng d
020 _a0321168143
041 _aeng
080 _a336
100 _a56
101 _aFIN
245 _aPersonal finance
_cMorrsion,D.R
942 _2udc
_cBK
999 _c44851
_d44851